<?xml version="1.0" encoding="UTF-8"?>
<record
    xmlns:xsi="http://www.w3.org/2001/XMLSchema-instance"
    xsi:schemaLocation="http://www.loc.gov/MARC21/slim http://www.loc.gov/standards/marcxml/schema/MARC21slim.xsd"
    xmlns="http://www.loc.gov/MARC21/slim">

  <leader>03612nam a2200421 i 4500</leader>
  <controlfield tag="001">000008697</controlfield>
  <controlfield tag="003">DO-SdBNP</controlfield>
  <controlfield tag="005">20260428073713.0</controlfield>
  <controlfield tag="007">ta</controlfield>
  <controlfield tag="008">090917t2001    dr a    r     001 0 spa d</controlfield>
  <datafield tag="020" ind1=" " ind2=" ">
    <subfield code="a">999343017X</subfield>
  </datafield>
  <datafield tag="040" ind1=" " ind2=" ">
    <subfield code="a">DO-SdBNP</subfield>
    <subfield code="b">spa</subfield>
    <subfield code="c">BNPHU</subfield>
    <subfield code="e">rda</subfield>
  </datafield>
  <datafield tag="041" ind1=" " ind2=" ">
    <subfield code="a">spa</subfield>
  </datafield>
  <datafield tag="082" ind1=" " ind2="4">
    <subfield code="a">RD860.8</subfield>
    <subfield code="b">C744o, 1999</subfield>
    <subfield code="2">22</subfield>
  </datafield>
  <datafield tag="111" ind1="2" ind2=" ">
    <subfield code="a">Concurso de Arte y Literatura Bancentral</subfield>
    <subfield code="n">(5&#xAA; :</subfield>
    <subfield code="d">1999 :</subfield>
    <subfield code="c">Santo Domingo, Rep&#xFA;blica Dominicana)</subfield>
    <subfield code="9">23156</subfield>
  </datafield>
  <datafield tag="245" ind1="1" ind2="0">
    <subfield code="a">Obras premiadas /</subfield>
    <subfield code="c">edici&#xF3;n, Jos&#xE9; Alc&#xE1;ntara Alm&#xE1;nzar, Lourdes Lara.</subfield>
  </datafield>
  <datafield tag="264" ind1=" " ind2="1">
    <subfield code="a">Santo Domingo :</subfield>
    <subfield code="b">Banco Central de la Rep&#xFA;blica Dominicana,</subfield>
    <subfield code="c">2001.</subfield>
  </datafield>
  <datafield tag="300" ind1=" " ind2=" ">
    <subfield code="a">112 p&#xE1;ginas :</subfield>
    <subfield code="b">ilustraciones ;</subfield>
    <subfield code="c">23 cm.</subfield>
  </datafield>
  <datafield tag="336" ind1=" " ind2=" ">
    <subfield code="a">texto</subfield>
    <subfield code="b">txt</subfield>
    <subfield code="2">rdacontent</subfield>
  </datafield>
  <datafield tag="337" ind1=" " ind2=" ">
    <subfield code="a">sin mediaci&#xF3;n</subfield>
    <subfield code="b">n</subfield>
    <subfield code="2">rdamedia</subfield>
  </datafield>
  <datafield tag="338" ind1=" " ind2=" ">
    <subfield code="a">volumen</subfield>
    <subfield code="b">nc</subfield>
    <subfield code="2">rdacarrier</subfield>
  </datafield>
  <datafield tag="490" ind1="1" ind2=" ">
    <subfield code="a">Banco Central de la Rep&#xFA;blica Dominicana</subfield>
  </datafield>
  <datafield tag="500" ind1=" " ind2=" ">
    <subfield code="a">Incluye s&#xED;ntesis biogr&#xE1;ficas de los autores premiados.</subfield>
  </datafield>
  <datafield tag="505" ind1="0" ind2=" ">
    <subfield code="a">Presentaci&#xF3;n --</subfield>
    <subfield code="g">Primer premio. Categor&#xED;a Pintura :</subfield>
    <subfield code="t">La barca abandonada /</subfield>
    <subfield code="r">Geraldo Amable Pimentel Ram&#xED;rez --</subfield>
    <subfield code="g">Primer premio. Categor&#xED;a Pintura :</subfield>
    <subfield code="t">Lo nuestro /</subfield>
    <subfield code="r">Rosa Mar&#xED;a Ure&#xF1;a Cordero --</subfield>
    <subfield code="g">Primer premio. Categor&#xED;a Cuento :</subfield>
    <subfield code="t">Diagn&#xF3;stico /</subfield>
    <subfield code="r">Henry Almonte Dilon&#xE9; --</subfield>
    <subfield code="g">Primer premio. Categor&#xED;a Escultura :</subfield>
    <subfield code="t">La juana /</subfield>
    <subfield code="r">Federico Antonio P&#xE9;rez M. --</subfield>
    <subfield code="g">Segundo premio. Categor&#xED;a Pintura :</subfield>
    <subfield code="t">Atorretrato II /</subfield>
    <subfield code="r">Robinson Antonio Pe&#xF1;a P&#xE9;rez --</subfield>
    <subfield code="g">Segundo premio. Categor&#xED;a Cuento :</subfield>
    <subfield code="t">Hu&#xED;da/</subfield>
    <subfield code="r">Elsa M. Ram&#xED;rez --</subfield>
    <subfield code="g">Segundo premio. Categor&#xED;a Escultura :</subfield>
    <subfield code="t">Mi luz que no lleg&#xF3; /</subfield>
    <subfield code="r">Leoncio Nicol&#xE1;s Rijo Mel&#xE9;ndez --</subfield>
    <subfield code="g">Tercer premio. Categor&#xED;a Cuento :</subfield>
    <subfield code="t">Intimidades /</subfield>
    <subfield code="r">Mirta Disla --</subfield>
    <subfield code="g">Tercer premio. Categor&#xED;a Pintura :</subfield>
    <subfield code="t">Bodeg&#xF3;n de frutas /</subfield>
    <subfield code="r">Yolanda Esteban de L&#xF3;pez --</subfield>
    <subfield code="g">Tercer premio. Categor&#xED;a Escultura :</subfield>
    <subfield code="t">Bouquet de girasoles para las hero&#xED;nas de Ojo de Agua /</subfield>
    <subfield code="r">Domingo de la Cruz --</subfield>
  </datafield>
  <datafield tag="505" ind1="0" ind2=" ">
    <subfield code="a">Segundo premio. Categor&#xED;a Poes&#xED;a :</subfield>
    <subfield code="t">Melenium /</subfield>
    <subfield code="r">Henry Almonte Delon&#xE9; --</subfield>
    <subfield code="g">Menci&#xF3;n de honor. Categor&#xED;a Pintura :</subfield>
    <subfield code="t">Cayenas /</subfield>
    <subfield code="r">Celina Fondeur Cernuda--</subfield>
    <subfield code="g">Menci&#xF3;n de honor. Categor&#xED;a Escultura :</subfield>
    <subfield code="t">Arcoiris de formas /</subfield>
    <subfield code="r">Domingo de la Cruz --</subfield>
    <subfield code="t">Otros premios de escultura y pintura 1999 y poetas invitados: a&#xF1;os 1997, 1996 y 1995 --</subfield>
    <subfield code="g">Primer premio 1997. Categor&#xED;a Poes&#xED;a :</subfield>
    <subfield code="t">El fuego de la &#xFA;ltima rosa votiva /</subfield>
    <subfield code="r">Luis Jos&#xE9; Bourget Garc&#xED;a --</subfield>
    <subfield code="g">Primer premio 1996. Categor&#xED;a Poes&#xED;a :</subfield>
    <subfield code="t">Complicaciones en el tiempo /</subfield>
    <subfield code="r">Miguel J. Escala --</subfield>
    <subfield code="g">Primer premio 1995. Categor&#xED;a Poes&#xED;a :</subfield>
    <subfield code="t">Hermano m&#xFA;ltiple /</subfield>
    <subfield code="r">Octavio Amiama Castro --</subfield>
    <subfield code="g">Segundo premio 1996. Categor&#xED;a Poes&#xED;a :</subfield>
    <subfield code="t">Serpiente de la noche /</subfield>
    <subfield code="r">Luis Jos&#xE9; Bourget Garc&#xED;a --</subfield>
    <subfield code="g">Segundo premio 1995. Categor&#xED;a Poes&#xED;a :</subfield>
    <subfield code="t">La muerte es el invierno /</subfield>
    <subfield code="r">Luis Jos&#xE9; Bourget Garc&#xED;a --</subfield>
    <subfield code="g">Tercer premio1996 . Categor&#xED;a Poes&#xED;a :</subfield>
    <subfield code="t">Tres poemas /</subfield>
    <subfield code="r">Octavio Amiama Castro --</subfield>
    <subfield code="g">Tercer premio 1995. Categor&#xED;a Poes&#xED;a :</subfield>
    <subfield code="t">Procedencia /</subfield>
    <subfield code="r">Henry Almonte Dilon&#xE9; --</subfield>
    <subfield code="g">Menci&#xF3;n de honor 1997. Categor&#xED;a Poes&#xED;a :</subfield>
    <subfield code="t">Mar y tierra /</subfield>
    <subfield code="r">Henry Almonte Dilon&#xE9; --</subfield>
    <subfield code="t">Veredicto --</subfield>
    <subfield code="t">Ap&#xE9;ndice --</subfield>
    <subfield code="t">Notas bibliogr&#xE1;ficas de los autores.</subfield>
  </datafield>
  <datafield tag="586" ind1=" " ind2=" ">
    <subfield code="a">Premio del concurso de arte y literatura Bancentral 1999.</subfield>
  </datafield>
  <datafield tag="590" ind1=" " ind2=" ">
    <subfield code="a">Inventariado, 2018/BT</subfield>
  </datafield>
  <datafield tag="650" ind1=" " ind2="4">
    <subfield code="a">Arte y literatura</subfield>
    <subfield code="x">Premios</subfield>
    <subfield code="9">23011</subfield>
  </datafield>
  <datafield tag="650" ind1=" " ind2="4">
    <subfield code="a">Arte dominicano</subfield>
    <subfield code="y">Siglo XX</subfield>
    <subfield code="9">23012</subfield>
  </datafield>
  <datafield tag="650" ind1=" " ind2="4">
    <subfield code="a">Pintura dominicana</subfield>
    <subfield code="x">Premios</subfield>
    <subfield code="9">23013</subfield>
  </datafield>
  <datafield tag="650" ind1=" " ind2="0">
    <subfield code="a">Premios literarios </subfield>
    <subfield code="9">1542</subfield>
  </datafield>
  <datafield tag="650" ind1=" " ind2="4">
    <subfield code="a">Literatura dominicana</subfield>
    <subfield code="y">Siglo XX</subfield>
    <subfield code="9">85167</subfield>
  </datafield>
  <datafield tag="700" ind1="1" ind2=" ">
    <subfield code="a">Lara, Lourdes,</subfield>
    <subfield code="e">editor</subfield>
    <subfield code="4">ed.</subfield>
    <subfield code="9">22948</subfield>
  </datafield>
  <datafield tag="700" ind1="1" ind2=" ">
    <subfield code="a">Alc&#xE1;ntara Alm&#xE1;nzar, Jos&#xE9;,</subfield>
    <subfield code="d">1946-</subfield>
    <subfield code="e">editor</subfield>
    <subfield code="4">ed.</subfield>
    <subfield code="9">7018</subfield>
  </datafield>
  <datafield tag="710" ind1="2" ind2=" ">
    <subfield code="a">Banco Central de la Rep&#xFA;blica Dominicana</subfield>
    <subfield code="9">83405</subfield>
  </datafield>
  <datafield tag="910" ind1=" " ind2=" ">
    <subfield code="a">Validado. Control de calidad. EMS</subfield>
  </datafield>
  <datafield tag="942" ind1=" " ind2=" ">
    <subfield code="2">ddc</subfield>
    <subfield code="c">LBS1</subfield>
  </datafield>
  <datafield tag="952" ind1=" " ind2=" ">
    <subfield code="0">0</subfield>
    <subfield code="1">0</subfield>
    <subfield code="2">ddc</subfield>
    <subfield code="5">6</subfield>
    <subfield code="7">0</subfield>
    <subfield code="8">DS</subfield>
    <subfield code="a">BNPHU</subfield>
    <subfield code="b">BNPHU</subfield>
    <subfield code="c">HD</subfield>
    <subfield code="d">2018-07-04</subfield>
    <subfield code="l">0</subfield>
    <subfield code="o">BNPHU DS RD860.8 C744o, 1999</subfield>
    <subfield code="p">8697-30</subfield>
    <subfield code="r">2020-06-25</subfield>
    <subfield code="t">e. 3</subfield>
    <subfield code="w">2020-06-25</subfield>
    <subfield code="y">LBS1</subfield>
    <subfield code="Z">Pr&#xE9;stamo en sala</subfield>
  </datafield>
  <datafield tag="952" ind1=" " ind2=" ">
    <subfield code="0">0</subfield>
    <subfield code="1">0</subfield>
    <subfield code="2">ddc</subfield>
    <subfield code="5">6</subfield>
    <subfield code="7">0</subfield>
    <subfield code="8">DS</subfield>
    <subfield code="a">BNPHU</subfield>
    <subfield code="b">BNPHU</subfield>
    <subfield code="c">HD</subfield>
    <subfield code="d">2018-07-05</subfield>
    <subfield code="l">0</subfield>
    <subfield code="o">BNPHU DS RD860.8 C744o, 1999</subfield>
    <subfield code="p">8697-40</subfield>
    <subfield code="r">2020-06-25</subfield>
    <subfield code="t">e. 4</subfield>
    <subfield code="w">2020-06-25</subfield>
    <subfield code="y">LBS1</subfield>
    <subfield code="Z">Pr&#xE9;stamo en sala</subfield>
  </datafield>
  <datafield tag="952" ind1=" " ind2=" ">
    <subfield code="0">0</subfield>
    <subfield code="1">0</subfield>
    <subfield code="2">ddc</subfield>
    <subfield code="5">1</subfield>
    <subfield code="7">0</subfield>
    <subfield code="8">PD</subfield>
    <subfield code="a">BNPHU</subfield>
    <subfield code="b">BNPHU</subfield>
    <subfield code="c">HD</subfield>
    <subfield code="d">2009-09-18</subfield>
    <subfield code="l">0</subfield>
    <subfield code="o">BNPHU PD RD860.8 C744o, 1999</subfield>
    <subfield code="p">8697-10</subfield>
    <subfield code="r">2020-06-25</subfield>
    <subfield code="w">2020-06-25</subfield>
    <subfield code="y">LBS1</subfield>
    <subfield code="Z">No se presta</subfield>
  </datafield>
  <datafield tag="952" ind1=" " ind2=" ">
    <subfield code="0">0</subfield>
    <subfield code="1">0</subfield>
    <subfield code="2">ddc</subfield>
    <subfield code="5">1</subfield>
    <subfield code="7">0</subfield>
    <subfield code="8">PD</subfield>
    <subfield code="a">BNPHU</subfield>
    <subfield code="b">BNPHU</subfield>
    <subfield code="c">HD</subfield>
    <subfield code="d">2013-09-03</subfield>
    <subfield code="l">0</subfield>
    <subfield code="o">BNPHU PD RD860.8 C744o, 1999</subfield>
    <subfield code="p">8697-20</subfield>
    <subfield code="r">2020-06-25</subfield>
    <subfield code="t">e. 2</subfield>
    <subfield code="w">2020-06-25</subfield>
    <subfield code="y">LBS1</subfield>
    <subfield code="Z">No se presta</subfield>
  </datafield>
  <datafield tag="999" ind1=" " ind2=" ">
    <subfield code="c">8467</subfield>
    <subfield code="d">8467</subfield>
  </datafield>
</record>
